Central Library OPAC University of Rajshahi

Modernization, the state, and regional disparity in developing countries : (Record no. 58823)

MARC details
000 -LEADER
fixed length control field 00997nam a2200277 a 4500
001 - CONTROL NUMBER
control field 58823
003 - CONTROL NUMBER IDENTIFIER
rucl marc code BD-RjUL
005 - DATE AND TIME OF LATEST TRANSACTION
control field 20211209080648.0
008 - FIXED-LENGTH DATA ELEMENTS--GENERAL INFORMATION
fixed length control field 161220s1989 enka b 001 0 eng
020 ## - INTERNATIONAL STANDARD BOOK NUMBER
International Standard Book Number 0813377099 (alk. paper)
035 ## - SYSTEM CONTROL NUMBER
System control number (BD-RjUL)58947
040 ## - CATALOGING SOURCE
Original cataloging agency DLC
Transcribing agency DLC
Modifying agency BD-RjUL
Language of cataloging eng
041 ## - LANGUAGE CODE
Language code of text/sound track or separate title eng
082 00 - DEWEY DECIMAL CLASSIFICATION NUMBER
Classification number 338.9611
Edition number 23
Author mark and year MOM 1989
100 1# - MAIN ENTRY--PERSONAL NAME
Personal name Moudoud, E.
Fuller form of name (Ezzeddine)
9 (RLIN) 174884
245 10 - TITLE STATEMENT
Title Modernization, the state, and regional disparity in developing countries :
Remainder of title Tunisia in historical perspective, 1881-1982 /
Statement of responsibility, etc. Ezzeddine Moudoud.
260 ## - PUBLICATION, DISTRIBUTION, ETC. (IMPRINT)
Place of publication, distribution, etc. London :
Name of publisher, distributor, etc. Westview Press,
Date of publication, distribution, etc. c1989.
300 ## - PHYSICAL DESCRIPTION
Pagination xviii, 229 p. :
Illustrations ill. ;
Size 23 cm.
500 ## - GENERAL NOTE
General note Includes index.
650 #0 - SUBJECT ADDED ENTRY--TOPICAL TERM
Topical term or geographic name as entry element Economic development.
9 (RLIN) 170469
651 #0 - SUBJECT ADDED ENTRY--GEOGRAPHIC NAME
Geographic name Tunisia
General subdivision Economic conditions
Chronological subdivision 1956-1987
General subdivision Regional disparities.
9 (RLIN) 174886
Geographic name Tunisia
General subdivision Dependency on foreign countries.
9 (RLIN) 174887
942 ## - ADDED ENTRY ELEMENTS (KOHA)
Source of classification or shelving scheme Dewey Decimal Classification
Koha item type Books
Holdings
Lost status Source of classification or shelving scheme Damaged status Not for loan Collection code Permanent Location Current Location Shelving location Date acquired Source of acquisition Total Checkouts Full call number Date last seen Copy number Koha item type
  Dewey Decimal Classification   Not For Loan Non-fiction Central Library, University of Rajshahi Central Library, University of Rajshahi Reading Room 10/04/1993 Asia foundation   338.9611 MOM 1989 20/12/2016 C-1 Books